Review of risk mitigation instruments for infrastructure financing and recent trends and developments
Gespeichert in:
| 1. Verfasser: | |
|---|---|
| Weitere Verfasser: | |
| Format: | Buch |
| Sprache: | Englisch |
| Veröffentlicht: |
Washington, D.C.
<The> World Bank
2007
|
| Schriftenreihe: | Trends and policy options
no. 4 |
| Schlagworte: | |
| Tags: |
Keine Tags, Fügen Sie das erste Tag hinzu!
|
MARC
| LEADER | 00000nam$a2200000$$$4500 | ||
|---|---|---|---|
| 001 | 0061925 | ||
| 005 | 20240315115700.5 | ||
| 020 | |a 0-8213-7100-2 | ||
| 020 | |a 978-0-8213-7100-8 | ||
| 041 | 0 | |a eng | |
| 044 | |a US | ||
| 245 | 1 | 0 | |a Review of risk mitigation instruments for infrastructure financing and recent trends and developments |c Tomoko Matsukawa, Odo Habeck |
| 264 | 1 | |a Washington, D.C. |b <The> World Bank |c 2007 | |
| 300 | |a 72 s. | ||
| 490 | 1 | |a Trends and policy options |v no. 4 | |
| 830 | 0 | |a Trends and policy options |v no. 4 | |
| 610 | 2 | 0 | |a úver |
| 610 | 2 | 0 | |a poistenie |
| 610 | 2 | 0 | |a pôžičky |
| 610 | 2 | 0 | |a krajiny rozvojové |
| 610 | 2 | 0 | |a riziko |
| 610 | 2 | 0 | |a infraštruktúra |
| 610 | 2 | 0 | |a financovanie |
| 610 | 2 | 0 | |a kapitál vlastný |
| 610 | 2 | 0 | |a záruka |
| 610 | 2 | 0 | |a agentúry |
| 610 | 2 | 0 | |a banky |
| 610 | 2 | 0 | |a trh kapitálový |
| 610 | 2 | 0 | |a vývoz |
| 610 | 2 | 0 | |a bilateralita |
| 610 | 2 | 0 | |a spolupráca medzinárodná |
| 610 | 2 | 0 | |a obchod výmenný |
| 100 | 1 | |a Matsukawa, Tomoko | |
| 700 | 1 | |a Habeck, Odo | |